MANAGING HUMAN RESOURCES (Record no. 8501)

MARC details
000 -LEADER
fixed length control field 00416nam a22001577a 4500
005 - DATE AND TIME OF LATEST TRANSACTION
control field 20240130113413.0
008 - FIXED-LENGTH DATA ELEMENTS--GENERAL INFORMATION
fixed length control field 240130b |||||||| |||| 00| 0 eng d
020 ## - INTERNATIONAL STANDARD BOOK NUMBER
ISBN 81-203-2111-1
041 ## - LANGUAGE CODE
Language code of text/sound track or separate title eng
100 ## - MAIN ENTRY--AUTHOR NAME
Personal name mejia-gomez-mejia, luis r. and others
245 ## - TITLE STATEMENT
Title MANAGING HUMAN RESOURCES
250 ## - EDITION STATEMENT
Edition statement 3RD. ED.
260 ## - PUBLICATION, DISTRIBUTION, ETC. (IMPRINT)
Place of publication NEW DELHI
Name of publisher PRENTICE HALL OF INDIA.PVT.LTD
Year of publication 2001
300 ## - PHYSICAL DESCRIPTION
Number of Pages 621;p
942 ## - ADDED ENTRY ELEMENTS (KOHA)
Koha item type Books
Holdings
Lost status Damaged status Home library Current library Date acquired Source of acquisition Cost, normal purchase price Accession Number Koha item type
    JRU Library JRU Library 25/01/2020 DONATION 395.00 23604 Books